<?xml version="1.0" encoding="UTF-8"?>
<record
    xmlns:xsi="http://www.w3.org/2001/XMLSchema-instance"
    xsi:schemaLocation="http://www.loc.gov/MARC21/slim http://www.loc.gov/standards/marcxml/schema/MARC21slim.xsd"
    xmlns="http://www.loc.gov/MARC21/slim">

  <leader>00507nam a2200181 a 4500</leader>
  <controlfield tag="001">sa 68008952 </controlfield>
  <controlfield tag="003">DLC</controlfield>
  <controlfield tag="005">20260227112538.0</controlfield>
  <controlfield tag="008">980402s1957    ii            000 0 mar  </controlfield>
  <datafield tag="010" ind1=" " ind2=" ">
    <subfield code="a">sa 68008952 </subfield>
  </datafield>
  <datafield tag="040" ind1=" " ind2=" ">
    <subfield code="a">DLC</subfield>
    <subfield code="c">DLC</subfield>
  </datafield>
  <datafield tag="050" ind1="0" ind2="0">
    <subfield code="a">PK2418.K63</subfield>
    <subfield code="b">Z8 </subfield>
  </datafield>
  <datafield tag="100" ind1="1" ind2=" ">
    <subfield code="a">Par&#x101;&#x1E0D;akara, N&#x101;. B&#x101;.</subfield>
  </datafield>
  <datafield tag="245" ind1="1" ind2="0">
    <subfield code="a">N&#x101;&#x1E6D;akak&#x101;ra Kolha&#x1E6D;akara /</subfield>
    <subfield code="c">lekhaka M&#x101;. B&#x101;. Par&#x101;&#x1E0D;akara.</subfield>
  </datafield>
  <datafield tag="260" ind1=" " ind2=" ">
    <subfield code="a">Pu&#x1E47;e :</subfield>
    <subfield code="b">Manohara Grantham&#x101;l&#x101;,</subfield>
    <subfield code="c">1957?</subfield>
  </datafield>
  <datafield tag="300" ind1=" " ind2=" ">
    <subfield code="a">20, 96 p. ;</subfield>
    <subfield code="c">19 cm.</subfield>
  </datafield>
  <datafield tag="546" ind1=" " ind2=" ">
    <subfield code="a">In Marathi.</subfield>
  </datafield>
  <datafield tag="999" ind1=" " ind2=" ">
    <subfield code="c">82642</subfield>
    <subfield code="d">82642</subfield>
  </datafield>
</record>
